Anagrammes ou presque : pays (click quiz) - Statistiques

Statistiques générales
  • Ce quiz a été pris 91 fois
  • Le résultat moyen est 7 sur 8
Statistiques - réponses
Hint Réponse % Correct
Baguenaudait Antigua-et-Barbuda
95%
Valonnez Nouvelle-Zélande
95%
Surbaisseraient Emirats Arabes Unis
93%
Ostéopraticien Sao Tomé-et-Principe
88%
Miroiteront Timor-Oriental
88%
Enseigneriez Bosnie-Herzegovine
84%
Eurommonnaie Macédoine du Nord
83%
Aéronautique Guinée Equatoriale
65%
Aucun quiz correspondant
Distribution des résultats
% des personnes avec chaque résultat
Percentile par nombre de réponses
Votre historique - résultats
Vous n’avez pas pris ce quiz